A-Z Countries Quiz - Statistics

General Stats
  • This quiz has been taken 924 times
    853 since last reset
  • The average score is 21 of 25
Answer Stats
Hint Answer % Correct
G The United Kingdom's biggest enemy in WW1 and WW2 Germany
96%
J Bob Marley's home country Jamaica
96%
A Small country bordered by Spain and France Andorra
94%
O Asian country bordered with Saudi Arabia and UAE Oman
93%
Q Only country beginning with this letter Qatar
92%
S Home to the soccer teams of Real Madrid and FC Barcelona Spain
91%
E Home to the longest river in the world Egypt
90%
Y Arabian country in Southwest Asia Yemen
90%
P Country that links Central and South America Panama
89%
U Federal republic composed of 50 states United States of America
89%
V Smallest country in the world Vatican City
89%
W Country part of the United Kingdom Wales
86%
Z A landlocked country with Victoria Falls on its border Zambia
86%
T Eurasian country below the Black Sea Turkey
85%
C Birth place of Shakira Colombia
84%
K Located in East Africa with a coastline on the Indian Ocean Kenya
84%
L Its capital city is Vilnius Lithuania
84%
H Has the highest murder rate in the world of 90.4 Honduras
83%
D Located on the 'Horn of Africa' Djibouti
81%
M Eighth largest country in Africa Mali
77%
I Known for volcanoes Iceland
75%
B French speaking West-African nation Benin
74%
F Famous for its mineral water Fiji
70%
N Hit by an earthquake in April 2015 Nepal
67%
R Nicknamed "Land of a Thousand Hills" Rwanda
67%
No matching quizzes found
Score Distribution
Percent of People with Each Score
Percentile by Number Answered
Your Score History
You have not taken this quiz since the last reset